All Lord of the Rings and The Hobbit Characters-S - Statistics

General Stats
  • This quiz has been taken 17 times
  • The average score is 6 of 12
Answer Stats
Times Mentioned Answer % Correct
1152 Samwise Gamgee
100%
125 Sauron
100%
224 Saruman
86%
79 Smaug
71%
666 Smeagol
71%
1 Saradoc
43%
41 Shagrat
43%
57 Shadowfax
29%
31 Shelob
29%
7 Snaga
14%
13 Snowmane
0%
1 Stybba
0%
No matching quizzes found
Score Distribution
Percent of People with Each Score
Percentile by Number Answered
Your Score History
You have not taken this quiz